Catálogo
 En Linea
Vista normal Vista MARC

Entrada Nombre de reunión

Número de registros utilizados en: 2

001 - NÚMERO DE CONTROL

  • campo de control: 72558

003 - IDENTIFICADOR DEL NÚMERO DE CONTROL

  • campo de control: OSt

005 - FECHA Y HORA DE LA ÚLTIMA TRANSACCIÓN

  • campo de control: 20200615040108.0

008 - DATOS DE LONGITUD FIJA

  • campo de control de longitud fija: 200615|| aca||aabn | a|a d

040 ## - FUENTE DE LA CATALOGACIÓN

  • Centro catalogador/agencia de origen: OSt
  • Centro/agencia transcriptor: OSt

111 ## - ENCABEZAMIENTO--NOMBRE DE CONGRESO/REUNIÓN

  • Nombre de congreso/reunión o jurisdicción como elemento de entrada: VIII seminario de investigación científica e innovación tecnológica
  • Número del congreso/reunión o número de parte o sección: (8vo :
  • Fecha del congreso/reunión: 21-22 de Nov. 2013
  • Sede del congreso/Lugar de la reunión: Santo Domingo)

670 ## - FUENTE DE DATOS ENCONTRADOS

  • Cita de la fuente: Work cat.: (OSt)44038: VIII seminario de investigación científica e innovación tecnológica (8vo : 21-22 de Nov. 2013 Santo Domingo), VIII seminario de investigación científica e innovación tecnológica /, 2013.

Con tecnología Koha